Góra, Barbara. Biblioteka Wyższego Seminarium Duchownego w Pelplinie 1828 - 2000. - Kraków : Wydawn. Naukowe Akad. Pedagogicznej. - 2007 [Rezension]

Titel: Góra, Barbara. Biblioteka Wyższego Seminarium Duchownego w Pelplinie 1828 - 2000. - Kraków : Wydawn. Naukowe Akad. Pedagogicznej. - 2007 [Rezension]
Verfasser:
In: Studia Pelplińskie, Band 39 (2008), Seite 411-414
alle Artikel anzeigen
Veröffentlicht: 2008
Format: Aufsatz
Sprache: Polnisch
Kein Bild verfügbar
X
alg: 39510105
001A    $01999:12-11-16 
001B    $01999:04-08-21 $t21:04:47.000 
001D    $01999:12-11-16 
001U    $0utf8 
001X    $00 
002@    $0Aox 
003@    $0395101050 
007A    $0395101050 $aHEB 
007T    $0Herda25653h 
010@    $apol 
011@    $a2008 
021A    $aGóra, Barbara. Biblioteka Wyższego Seminarium Duchownego w Pelplinie 1828 - 2000. - Kraków : Wydawn. Naukowe Akad. Pedagogicznej. -  2007 [Rezension] 
028A    $aSzulist $dWładysław 
031A    $d39 $h411-414 $j2008 
039B    $aIn $8--Abvc--. Studia Pelplińskie. - Pelplin : Wydawnictwo "Bernardinum", 1969-. - ISSN 0239-4456 $x200800000390000589 $9047489731 
039T    $8--Aau--Góra, Barbara [Tnd]. Biblioteka Wyższego Seminarium Duchownego w Pelplinie 1828 - 2000. - Kraków : Wydawn. Naukowe Akad. Pedagogicznej, 2007. - 567, [30] S.. - Ill., graph. Darst., Kt.. - ISBN 978-83-7271-426-8 $9214437221 
045F    $a900.9438 $eDDC23BSB 
045F/01 $a900 
045F/03 $g438 
045F/03 $g4382 
045F/03 $g43832 
045T    $aOST $qDE-12 $2FID 
045T    $a1 

lok: 39510105 78

exp: 39510105 78 1 #EPN
201B/01 $018-11-16 $t13:44:59.000 
201U/01 $0utf8 
203@/01 $0791399680 
208@/01 $a12-11-16 $be 
209A/01 $a/ $f000 $x00 
220C/01 $aHerkunft: PBB/IH PAN 
244Z/01 $2Trx $#Prusy Wschodnie i Zachodnie $8--Trx--Ost- und Westpreußen $x01 $939113373X 
244Z/01 $2Trx $#Poola $#Lenkija $#Polija $#Polen Land $#Poland $#Lengyelország $#Poľsko $#Polsko $8--Trx--Polska$gkraj $x02 $9391345966 
244Z/01 $2Trx $#arvustused $#recenzijos $#Reviews $#recenziók $#recenzje $#recenzie $#recenze $8--Trx--Rezensionen $x03 $9391357441 
247C/01 $82080>Marburg/Lahn, Herder-Institut, Forschungsbibliothek, Bibliographieportal $9336309341
LEADER 00000caa a22000002c 4500
001 395101050
003 DE-603
005 20210804210447.0
007 tu
008 161112s2008 xx |||| | u00||u|pol c
035 |a (DE-599)HEB395101050 
040 |a DE-603  |b ger  |c DE-603  |d DE-603 
041 |a pol 
082 0 4 |8 1\u  |a 900.9438  |q DE-101  |2 23/BSB 
084 |a OST  |q DE-12  |2 fid 
084 |a 1  |2 ssgn 
085 |8 1\u  |b 900 
085 |8 1\u  |z 2  |s 438 
085 |8 1\u  |z 2  |s 4382 
085 |8 1\u  |z 2  |s 43832 
100 1 |a Szulist, Władysław 
245 0 0 |a Góra, Barbara. Biblioteka Wyższego Seminarium Duchownego w Pelplinie 1828 - 2000. - Kraków : Wydawn. Naukowe Akad. Pedagogicznej. - 2007 [Rezension] 
264 0 |c 2008 
773 0 8 |i In  |t Studia Pelplińskie  |d Pelplin : Wydawnictwo "Bernardinum", 1969-  |x 0239-4456  |g Band 39 (2008), Seite 411-414  |w (DE-603)047489731  |w (DE-600)304909-7 
787 0 8 |i Rezension von  |a Góra, Barbara  |t Biblioteka Wyższego Seminarium Duchownego w Pelplinie 1828 - 2000  |d Kraków : Wydawn. Naukowe Akad. Pedagogicznej, 2007  |h 567, [30] S., Ill., graph. Darst., Kt.  |z 9788372714268  |w (DE-603)214437221 
924 0 |9 2080  |a (DE-603)791399680  |b DE-2080  |c HES  |d d  |g /